Statistics for FIFA World Cup Categories

Click here to take the quiz!

General Stats

  • This quiz has been taken 35 times
  • The average score is 13 of 25

Answer Stats

Answer% Correct
2002Ronaldo
97%
2014Manuel Neuer
86%
2002Oliver Kahn
83%
2010Thomas Muller
76%
Winning Manager2018Didier Deschamps
69%
2014Lionel Messi
66%
2006Gianluigi Buffon
59%
Golden Boot2018Harry Kane
59%
2006Miroslav Klose
59%
Golden Ball2018Luka Modric
59%
Golden Glove2018Thibaut Courtois
55%
2014James Rodriguez
52%
2006Zinedine Zidane
48%
2010Iker Casillas
45%
2014Joachim Low
45%
2006Fabio Cannavaro
41%
2014Philipp Lahm
38%
2002Cafu
34%
2010Vincente del Bosque
31%
2006Marcello Lippi
24%
2002Luiz Felipe Scolari
24%
2010Diego Forlan
14%
Winning Captain2018Hugo Loris
14%

Score Distribution

Percentile by Number Answered

Percent of People with Each Score

Your Score History

You have not taken this quiz